Vista normal Vista MARC

Entrada Geographic Name

Número de registros utilizados en: 1

001 - CONTROL NUMBER

  • control field: 7093

003 - CONTROL NUMBER IDENTIFIER

  • control field: OSt

005 - DATE AND TIME OF LATEST TRANSACTION

  • control field: 20200712002624.0

008 - FIXED-LENGTH DATA ELEMENTS

  • fixed length control field: 200712|| aca||aabn | a|a d

040 ## - CATALOGING SOURCE

  • Original cataloging agency: OSt
  • Transcribing agency: OSt

151 ## - HEADING--GEOGRAPHIC NAME

  • Geographic name: Colombia
  • General subdivision: política comercial
  • Chronological subdivision: Siglos XX-XXI

670 ## - SOURCE DATA FOUND

  • Source citation: Work cat.: (OSt)3386: Perfetti, Juan José, editor 7091, Política comercial agrícola : , ©2018